[Event "Foment Martinenc op-C 23rd"]
[Site "Barcelona"]
[Date "2023.05.20"]
[Round "5"]
[White "Pujol Zoilo, Eudald"]
[Black "Vazquez Cortes, Carlos"]
[Result "0-1"]
[WhiteElo "1462"]
[BlackElo "1511"]
[PlyCount "80"]
[EventDate "2023.04.22"]
[EventType "swiss"]
[EventRounds "9"]
[EventCountry "ESP"]
[SourceTitle "EXT 2024"]
[Source "ChessBase"]
[SourceDate "2023.10.10"]
[SourceVersion "1"]
[SourceVersionDate "2023.10.10"]
[SourceQuality "1"]

1. d4 d5 2. Bf4 e6 3. e3 c5 4. c3 Nc6 5. Bd3 Nf6 6. Nd2 Bd7 7. Ngf3 Be7 8. 0-0 Nh5 9. Re1 Nxf4 10. exf4 0-0 11. b3 Qc7 12. g3 Rfe8 13. Qc2 g6 14. dxc5 Bxc5 15. Ne5 Nxe5 16. fxe5 Rac8 17. Rac1 Qb6 18. Nf3 Be7 19. Qd2 Qd8 20. Qh6 Bf8 21. Qh3 Be7 22. c4 Bg5 23. Rc2 Bc6 24. Re3 d4 25. Nxg5 Qxg5 26. f4 Qe7 27. Ree2 b6 28. g4 f6 29. f5 exf5 30. gxf5 fxe5 31. fxg6 Qg5+ 32. Rg2 Bxg2 33. Rxg2 Qc1+ 34. Bf1 Qe3+ 35. Qxe3 dxe3 36. gxh7+ Kxh7 37. Bd3+ e4 38. Bc2 Rcd8 39. Re2 Rd2 40. Rg2 e2 0-1

[Event "Foment Martinenc op-C 22nd"]
[Site "Barcelona"]
[Date "2022.04.23"]
[Round "1"]
[White "Sadornil Garces, Sergio"]
[Black "Pujol Zoilo, Eudald"]
[Result "1-0"]
[WhiteElo "1700"]
[BlackElo "1420"]
[PlyCount "27"]
[EventDate "2022.04.23"]
[EventType "swiss"]
[EventRounds "9"]
[EventCountry "ESP"]
[SourceTitle "EXT 2023"]
[Source "ChessBase"]
[SourceDate "2022.10.05"]
[SourceVersion "1"]
[SourceVersionDate "2022.10.05"]
[SourceQuality "1"]

1. e4 e5 2. Nf3 Nc6 3. d4 exd4 4. Nxd4 Nf6 5. Nxc6 bxc6 6. Nc3 Bb4 7. Bd3 d5 8. Bg5 Be6 9. e5 Bxc3+ 10. bxc3 0-0 11. 0-0 Qd7 12. exf6 gxf6 13. Qh5 fxg5 14. Qxh7# 1-0